000 00725cam a2200289 4500
001 ABS60735
008 000000n1999 000 0 eng u
035 _a(Sirsi) u101386
245 _aFocus '99: West End.
260 _c1999
490 _aEstates Gazette
_v(925) 26 June 1999, 93-153(23)
650 _aWEST END OF LONDON
650 _aLONDON
650 _aMAYFAIR
650 _aST JAMES
650 _aVICTORIA
650 _aWESTMINSTER
650 _aOXFORD STREET
650 _aPADDINGTON
650 _aSOHO
650 _aINVESTMENT
650 _aREGENT STREET
650 _aMARYLEBONE
650 _aCOVENT GARDEN
690 _aPROPERTY-COMMERCIAL PROPERTY-COMMERCIAL PROPERTY MARKET
942 _n0
999 _c60530
_d60530